[Event "POL-chT 2nd League"]
[Site "Lazy"]
[Date "2012.09.08"]
[Round "8"]
[White "Piotrowski, Przemyslaw"]
[Black "Kielbratowski, Maciej"]
[Result "1-0"]
[WhiteElo "1965"]
[BlackElo "1850"]
[PlyCount "81"]
[EventDate "2012.09.01"]
[EventType "team-swiss"]
[EventRounds "9"]
[EventCountry "POL"]
[SourceTitle "EXT 2019"]
[Source "ChessBase"]
[SourceDate "2018.10.10"]
[SourceVersion "1"]
[SourceVersionDate "2018.10.10"]
[SourceQuality "1"]
[WhiteTeam "Wroclaw KS Polonia"]
[BlackTeam "Lubsko Caissa"]
[WhiteTeamCountry "POL"]
[BlackTeamCountry "POL"]

1. e4 e5 2. Nf3 f5 3. Nxe5 Nc6 4. d4 Qh4 5. Be2 Qxe4 6. Nxc6 dxc6 7. 0-0 Qh4 8. d5 Bd7 9. Be3 0-0-0 10. Qd2 Bd6 11. g3 Qh3 12. Qa5 cxd5 13. Qxa7 Bc6 14. Bf3 Nf6 15. Bg2 Qh5 16. Nc3 Ng4 17. h3 Ne5 18. f4 Nc4 19. Nxd5 Nxe3 20. Nxe3 Bxg2 21. Kxg2 Rhe8 22. Rae1 b6 23. Qa8+ Kd7 24. Qd5 g6 25. Rf2 Kc8 26. Rd2 Kb8 27. Rd4 Bc5 28. Qxd8+ Rxd8 29. Rxd8+ Kb7 30. Nd5 g5 31. Rd7 Bd6 32. Nxc7 Kc6 33. Ne8 Bxf4 34. gxf4 gxf4 35. Rc7+ Kb5 36. Rc3 f3+ 37. Rxf3 Qg6+ 38. Kf1 Qh5 39. Rb3+ Kc6 40. Rc3+ Kd7 41. Nf6+ 1-0

[Event "POL-chT 2nd League"]
[Site "Lazy"]
[Date "2012.09.05"]
[Round "5"]
[White "Kielbratowski, Maciej"]
[Black "Kowalski, Igor"]
[Result "0-1"]
[WhiteElo "1850"]
[BlackElo "1770"]
[PlyCount "62"]
[EventDate "2012.09.01"]
[EventType "team-swiss"]
[EventRounds "9"]
[EventCountry "POL"]
[SourceTitle "EXT 2019"]
[Source "ChessBase"]
[SourceDate "2018.10.10"]
[SourceVersion "1"]
[SourceVersionDate "2018.10.10"]
[SourceQuality "1"]
[WhiteTeam "Lubsko Caissa"]
[BlackTeam "Warszawa Polonia II"]
[WhiteTeamCountry "POL"]
[BlackTeamCountry "POL"]

1. d4 Nf6 2. c4 d6 3. Nc3 Nbd7 4. e4 e5 5. Be3 Be7 6. f3 c6 7. Nge2 0-0 8. Qd2 Re8 9. g4 Kh8 10. Ng3 Nf8 11. g5 Ng8 12. h4 f6 13. Bh3 fxg5 14. Nf5 Bxf5 15. Bxf5 gxh4 16. 0-0-0 Bf6 17. Rdg1 Qe7 18. dxe5 dxe5 19. Bg5 Bxg5 20. Rxg5 g6 21. Qg2 Nf6 22. Rxh4 gxf5 23. exf5 N8d7 24. Rh6 Rg8 25. Rxg8+ Rxg8 26. Qh2 Rg5 27. Ne4 Nxe4 28. Re6 Qg7 29. Re8+ Nf8 30. fxe4 Rg1+ 31. Kd2 Rg2+ 0-1

[Event "POL-chT 2nd League"]
[Site "Lazy"]
[Date "2012.09.03"]
[Round "3"]
[White "Zdrojewski, Wojciech"]
[Black "Kielbratowski, Maciej"]
[Result "1-0"]
[WhiteElo "2166"]
[BlackElo "1850"]
[PlyCount "41"]
[EventDate "2012.09.01"]
[EventType "team-swiss"]
[EventRounds "9"]
[EventCountry "POL"]
[SourceTitle "EXT 2019"]
[Source "ChessBase"]
[SourceDate "2018.10.10"]
[SourceVersion "1"]
[SourceVersionDate "2018.10.10"]
[SourceQuality "1"]
[WhiteTeam "Gdynia Korsarz"]
[BlackTeam "Lubsko Caissa"]
[WhiteTeamCountry "POL"]
[BlackTeamCountry "POL"]

1. d4 Nf6 2. Nf3 g6 3. Bg5 Bg7 4. Nbd2 0-0 5. e4 d6 6. c3 h6 7. Bh4 Bg4 8. Qc2 Nbd7 9. Bc4 c5 10. e5 dxe5 11. dxe5 Nh5 12. Qxg6 Bxf3 13. Nxf3 Nf4 14. Qg4 Ne6 15. Bxe6 fxe6 16. Qxe6+ Kh8 17. Rd1 Qb6 18. Qxd7 Rad8 19. Qa4 Rxd1+ 20. Qxd1 Qxb2 21. 0-0 1-0

[Event "POL-chT 2nd League"]
[Site "Mrzezyno"]
[Date "2011.09.04"]
[Round "2"]
[White "Kielbratowski, Maciej"]
[Black "Zdrojewski, Wojciech"]
[Result "0-1"]
[WhiteElo "1878"]
[BlackElo "2176"]
[PlyCount "65"]
[EventDate "2011.09.03"]
[EventType "team-swiss"]
[EventRounds "9"]
[EventCountry "POL"]
[SourceTitle "EXT 2015"]
[Source "ChessBase"]
[SourceDate "2014.11.20"]
[SourceVersion "1"]
[SourceVersionDate "2014.11.20"]
[SourceQuality "1"]
[WhiteTeam "Lubsko Caissa"]
[BlackTeam "Gdynia Korsarz"]
[WhiteTeamCountry "POL"]
[BlackTeamCountry "POL"]

1. d4 c5 2. d5 f5 3. c4 Nf6 4. Nf3 d6 5. Nc3 g6 6. g3 Bg7 7. Bg2 0-0 8. 0-0 Na6 9. Re1 Nc7 10. e4 fxe4 11. Ng5 Rb8 12. Ngxe4 b5 13. Bg5 bxc4 14. Qd2 Rf7 15. h3 Nb5 16. g4 Nd4 17. Rac1 Qb6 18. Nxf6+ Bxf6 19. Bxf6 exf6 20. Re8+ Kg7 21. Rce1 Bd7 22. R8e7 Rbf8 23. Nd1 Rxe7 24. Rxe7+ Rf7 25. Rxf7+ Kxf7 26. Qh6 Kg8 27. Be4 Be8 28. f4 Qc7 29. Ne3 Qe7 30. g5 Qxe4 31. Ng4 Qe1+ 32. Kg2 Qe2+ 33. Kg3 0-1